The influence of formulation on yield response and bark damage following the application of yield stimulants above the tapping cut (Record no. 70785)

MARC details
000 -LEADER
fixed length control field 00528nam a2200169Ia 4500
100 ## - MAIN ENTRY--AUTHOR NAME
Personal name Abraham P D
245 #4 - TITLE STATEMENT
Title The influence of formulation on yield response and bark damage following the application of yield stimulants above the tapping cut
260 ## - PUBLICATION, DISTRIBUTION, ETC. (IMPRINT)
Name of publisher Journal of the Rubber Research Institute of Malaya
Year of publication 1964
300 ## - PHYSICAL DESCRIPTION
Number of Pages 211-225
650 ## - SUBJECT ADDED ENTRY--TOPICAL TERM
Topical Term Bark damage
650 ## - SUBJECT ADDED ENTRY--TOPICAL TERM
Topical Term Rubber
650 ## - SUBJECT ADDED ENTRY--TOPICAL TERM
Topical Term Tapping cut
650 ## - SUBJECT ADDED ENTRY--TOPICAL TERM
Topical Term Yield
700 ## - ADDED ENTRY--PERSONAL NAME
Personal name Boatman S G
942 ## - ADDED ENTRY ELEMENTS (KOHA)
Koha item type Journals
Holdings
Withdrawn status Lost status Damaged status Not for loan Home library Current library Shelving location Date acquired Serial Enumeration / chronology Koha item type
      Journals RRII Library RRII Library Physiology 17/12/2021 Volume 18, Issue 4 Journals